<?xml version="1.0" encoding="UTF-8"?>
<collection xmlns="http://www.loc.gov/MARC21/slim">
  <record>
    <leader>00000nam  2200000   4500</leader>
    <controlfield tag="001">INLIS000000000809556</controlfield>
    <controlfield tag="005">20250814013959</controlfield>
    <datafield tag="035" ind1="#" ind2="#">
      <subfield code="a">0010-0825000049</subfield>
    </datafield>
    <datafield tag="100" ind1="#" ind2="#">
      <subfield code="a">Mizan Qudsiyah</subfield>
      <subfield code="e">Pengarang</subfield>
    </datafield>
    <datafield tag="245" ind1="1" ind2="#">
      <subfield code="a">Variasi sunnah dalam ibadah /</subfield>
      <subfield code="c">Mizan Qudsiyah, Lc, MA.</subfield>
    </datafield>
    <datafield tag="250" ind1="#" ind2="#">
      <subfield code="a">Cetakan kedua : Dzulqa'dah 1441 H/Juli 2020 M</subfield>
    </datafield>
    <datafield tag="264" ind1="#" ind2="#">
      <subfield code="a">Jakarta : :</subfield>
      <subfield code="b">Pustaka Imam Asy-Syafi'i,,</subfield>
      <subfield code="c">2020</subfield>
    </datafield>
    <datafield tag="300" ind1="#" ind2="#">
      <subfield code="a">xii, 335 halaman :</subfield>
      <subfield code="b">ilustrasi ;</subfield>
      <subfield code="c">23 cm</subfield>
    </datafield>
    <datafield tag="336" ind1="#" ind2="#">
      <subfield code="a">teks</subfield>
      <subfield code="2">rdacontent</subfield>
    </datafield>
    <datafield tag="337" ind1="#" ind2="#">
      <subfield code="a">tanpa perantara</subfield>
      <subfield code="2">rdamedia</subfield>
    </datafield>
    <datafield tag="338" ind1="#" ind2="#">
      <subfield code="a">volume</subfield>
      <subfield code="2">rdacarrier</subfield>
    </datafield>
    <datafield tag="504" ind1="#" ind2="#">
      <subfield code="a">Bibliografi : halaman 330 - 335</subfield>
    </datafield>
    <datafield tag="520" ind1="#" ind2="#">
      <subfield code="a">Membahas aneka variasi sunnah Nabi yang diriwayatkan dalam hadits-hadits shahih maupun hasan. Tema yang diterangkan cukup luas, mencakup berbagai amalan ibadah mahdhah, mulai dari masalah wudhu, mandi, shalat-shalat sunnah, sifat shalat fardhu, adzan, iqamat, qunut, haji. Varian-varian sunnah yang dicontohkan oleh Nabi tersebut, umat muslim dianjurkan memilih dan mengamalkannya dalam kondisi yang berbeda-beda. Tujuan utama yang hendak diraih adalah menyempurnakan ittiba (peneladanan) terhadap sosok Rasulullah.vvvvvvvvvvvv</subfield>
    </datafield>
    <datafield tag="850" ind1="#" ind2="#">
      <subfield code="a">JKPNPNA</subfield>
    </datafield>
    <datafield tag="990" ind1="#" ind2="#">
      <subfield code="a">202200103073898</subfield>
    </datafield>
    <datafield tag="990" ind1="#" ind2="#">
      <subfield code="a">202200103073897</subfield>
    </datafield>
    <datafield tag="990" ind1="#" ind2="#">
      <subfield code="a">202200103073896</subfield>
    </datafield>
    <datafield tag="990" ind1="#" ind2="#">
      <subfield code="a">202200103073895</subfield>
    </datafield>
    <controlfield tag="006">aa   g      000 0</controlfield>
    <controlfield tag="007">ta</controlfield>
    <controlfield tag="008">250814###########################0#ind##</controlfield>
    <datafield tag="020" ind1="#" ind2="#">
      <subfield code="a">978-602-6360-49-6</subfield>
    </datafield>
    <datafield tag="040" ind1="#" ind2="#">
      <subfield code="a">JKPNPNA</subfield>
      <subfield code="b">ind</subfield>
      <subfield code="e">rda</subfield>
    </datafield>
    <datafield tag="082" ind1="#" ind2="#">
      <subfield code="a">297.405</subfield>
    </datafield>
    <datafield tag="084" ind1="#" ind2="#">
      <subfield code="a">297.405 MIZ v</subfield>
    </datafield>
  </record>
</collection>
